000 00299nam a22001337a 4500
008 170602b xxu||||| |||| 00| 0 eng d
020 _a9780618270743
041 _aeng
080 _a94
100 _a17
101 _aSHH
245 _aA HISTORY WESTERN SOCIETY
_cBUCKEL,M.H
942 _2udc
_cBK
999 _c15601
_d15601